World Bank papers for for the Uruguay round: a research inventory for the multilateral trade negotiations, 1990 (Record no. 226852)

000 -LEADER
fixed length control field 00431cam a22001217a 4500
008 - FIXED-LENGTH DATA ELEMENTS--GENERAL INFORMATION
fixed length control field 180718b1990 xxu||||| |||| 00| 0 eng d
082 ## - DEWEY DECIMAL CLASSIFICATION NUMBER
Classification number T39055 In8/90
100 ## - MAIN ENTRY--PERSONAL NAME
Personal name Jalali, Jalaleddin
245 ## - TITLE STATEMENT
Title World Bank papers for for the Uruguay round: a research inventory for the multilateral trade negotiations, 1990
Statement of responsibility, etc. edited by Jalaleddin Jalali
260 ## - PUBLICATION, DISTRIBUTION, ETC.
Place of publication, distribution, etc. Washington, D.C.
Name of publisher, distributor, etc. IBRD
Date of publication, distribution, etc. 1990
300 ## - PHYSICAL DESCRIPTION
Extent 252p.
650 ## - SUBJECT ADDED ENTRY--TOPICAL TERM
Topical term or geographic name entry element Foreign Commerce
Holdings
Withdrawn status Lost status Damaged status Not for loan Permanent Location Current Location Date acquired Full call number Barcode Date last seen Price effective from Koha item type
        Indian Institute of Public Administration Indian Institute of Public Administration 1993-06-04 T39055 In8/90 WB2095 2018-07-20 2018-07-20 WB

Powered by Koha